[Event "NB II. Toth Laszlo csoport"]
[Site "Mako"]
[Date "2023.10.29"]
[Round "2.2"]
[White "Kecskemeti, Arpad"]
[Black "Abel, Lajos"]
[Result "1/2-1/2"]
[WhiteElo "2185"]
[BlackElo "2188"]
[PlyCount "90"]
[EventDate "2023.10.08"]
[EventType "team-tourn"]
[EventRounds "9"]
[EventCountry "HUN"]
[Source "chess.hu"]
[WhiteTeam "Duocor-Makoi SVSE II"]
[BlackTeam "Neumann J. Egyetem"]
[WhiteTeamCountry "HUN"]
[BlackTeamCountry "HUN"]

1. e4 c5 2. Nf3 d6 3. d4 cxd4 4. Nxd4 Nf6 5. Nc3 g6 6. Be3 Bg7 7. f3 O-O 8. Qd2
Nc6 9. g4 Nxd4 10. Bxd4 Be6 11. O-O-O Qa5 12. Kb1 Rfc8 13. a3 a6 14. Qe3 Nd7
15. Bxg7 Kxg7 16. h4 Qc5 17. Qd2 h6 18. g5 h5 19. f4 Bg4 20. Re1 Nb6 21. Nd5
Nxd5 22. exd5 Rc7 23. Bh3 Bf3 24. Bg2 Bxg2 25. Qxg2 Rac8 26. Rh2 Qd4 27. Qf3
Qa4 28. f5 gxf5 29. Qxf5 Qg4 30. Qd3 Rc4 31. Rf2 Rd4 32. Rxf7+ Kxf7 33. Qh7+
Kf8 34. Qh8+ Kf7 35. Rf1+ Rf4 36. Rxf4+ Qxf4 37. Qxc8 Qg4 38. Qh8 Qd1+ 39. Ka2
Qxd5+ 40. b3 Qe4 41. Qxh5+ Kg7 42. Kb2 Qe5+ 43. Kb1 Qe1+ 44. Ka2 Qe4 45. Kb2
Qe5+ 1/2-1/2

[Event "NB II. Toth Laszlo csoport"]
[Site "Mako"]
[Date "2023.10.29"]
[Round "2.3"]
[White "Panda, Barnabas"]
[Black "Restas, Peter"]
[Result "1/2-1/2"]
[WhiteElo "1869"]
[BlackElo "1957"]
[PlyCount "81"]
[EventDate "2023.10.08"]
[EventType "team-tourn"]
[EventRounds "9"]
[EventCountry "HUN"]
[Source "chess.hu"]
[WhiteTeam "Neumann J. Egyetem"]
[BlackTeam "Duocor-Makoi SVSE II"]
[WhiteTeamCountry "HUN"]
[BlackTeamCountry "HUN"]

1. d4 Nf6 2. c4 e6 3. Nc3 d5 4. Nf3 Nbd7 5. Bf4 Bb4 6. e3 c5 7. Rc1 Qa5 8. Qb3
Ne4 9. Bd3 O-O 10. O-O Bxc3 11. bxc3 Ndf6 12. Qc2 h6 13. Ne5 Ng5 14. f3 Ngh7
15. h4 cxd4 16. cxd4 dxc4 17. Nxc4 Qd5 18. Be5 Rd8 19. Qe2 Ne8 20. e4 Qd7 21.
d5 Nf8 22. Ne3 Ng6 23. Bg3 Nf6 24. Bb5 Qe7 25. d6 Rxd6 26. Bxd6 Qxd6 27. Rfd1
Qb6 28. Qf2 Qxb5 29. Rd8+ Kh7 30. Rcxc8 Rxc8 31. Rxc8 Nf4 32. Kh2 N6h5 33. Nc4
Qd7 34. Qc5 b5 35. Ne5 Qd2 36. Qc2 Qe1 37. Nd3 Qxh4+ 38. Kg1 Nxd3 39. Qxd3 Nf4
40. Qd2 Qg3 41. Rc2 1/2-1/2

[Event "NB II. Toth Laszlo csoport"]
[Site "Mako"]
[Date "2023.10.29"]
[Round "2.4"]
[White "Csikos, Mihaly"]
[Black "Szekeres, Janos"]
[Result "1-0"]
[WhiteElo "2039"]
[BlackElo "1931"]
[PlyCount "87"]
[EventDate "2023.10.08"]
[EventType "team-tourn"]
[EventRounds "9"]
[EventCountry "HUN"]
[Source "chess.hu"]
[WhiteTeam "Duocor-Makoi SVSE II"]
[BlackTeam "Neumann J. Egyetem"]
[WhiteTeamCountry "HUN"]
[BlackTeamCountry "HUN"]

1. e4 Nf6 2. Nc3 d5 3. e5 Nfd7 4. Nf3 e6 5. d4 c5 6. Ne2 cxd4 7. Nexd4 Nc6 8.
Nxc6 bxc6 9. Be2 c5 10. O-O a5 11. Re1 Ba6 12. b3 Bxe2 13. Qxe2 a4 14. Bd2 Be7
15. Qb5 O-O 16. bxa4 Qc7 17. a5 c4 18. Qb2 Rfb8 19. Qd4 Bb4 20. c3 Be7 21. Qg4
Kh8 22. Qh5 Kg8 23. Bg5 g6 24. Qh4 Bxg5 25. Nxg5 Nf8 26. Re3 h5 27. Rae1 Nh7
28. Nxh7 Kxh7 29. g4 Qd8 30. Qh3 Qg5 31. Rg3 h4 32. f4 Qe7 33. g5 Kg7 34. Qxh4
Rh8 35. Qg4 Rxa5 36. Rg2 Qa7+ 37. Kh1 Rxa2 38. Qf3 Qa3 39. Rxa2 Qxa2 40. Re2
Rh3 41. Qf1 Qxe2 42. Qxe2 Rxc3 43. f5 gxf5 44. Qh5 1-0

[Event "NB II. Toth Laszlo csoport"]
[Site "Mako"]
[Date "2023.10.29"]
[Round "2.5"]
[White "Andriska, Zsolt"]
[Black "Diamant, Tibor"]
[Result "1-0"]
[WhiteElo "2026"]
[BlackElo "1952"]
[PlyCount "75"]
[EventDate "2023.10.08"]
[EventType "team-tourn"]
[EventRounds "9"]
[EventCountry "HUN"]
[Source "chess.hu"]
[WhiteTeam "Neumann J. Egyetem"]
[BlackTeam "Duocor-Makoi SVSE II"]
[WhiteTeamCountry "HUN"]
[BlackTeamCountry "HUN"]

1. e4 c5 2. Nf3 Nc6 3. Be2 g6 4. O-O Bg7 5. c3 d5 6. exd5 Qxd5 7. Na3 Nf6 8.
Nb5 Qd8 9. d3 O-O 10. h3 a6 11. Na3 Be6 12. Be3 Nd7 13. Ng5 Bf5 14. g4 Be6 15.
Nxe6 fxe6 16. Qb3 Qc7 17. Qxe6+ Kh8 18. g5 Nce5 19. f4 Rf5 20. Rf2 Nf8 21. Qb3
Ned7 22. Bg4 Rxg5 23. Kf1 c4 24. Qxc4 Qxc4 25. Nxc4 Rd5 26. Bf3 e6 27. Bxd5
exd5 28. Nb6 Nxb6 29. Bxb6 Nd7 30. Bd4 Bxd4 31. cxd4 Rc8 32. Re1 b5 33. Re6 a5
34. Rfe2 Kg8 35. Re8+ Rxe8 36. Rxe8+ Kf7 37. Ra8 a4 38. Ra5 1-0

[Event "NB II. Toth Laszlo csoport"]
[Site "Mako"]
[Date "2023.10.29"]
[Round "2.6"]
[White "Kovacs, Arthur Dr"]
[Black "Lovas, Daniel Dr"]
[Result "1/2-1/2"]
[WhiteElo "1899"]
[BlackElo "2010"]
[PlyCount "38"]
[EventDate "2023.10.08"]
[EventType "team-tourn"]
[EventRounds "9"]
[EventCountry "HUN"]
[Source "chess.hu"]
[WhiteTeam "Duocor-Makoi SVSE II"]
[BlackTeam "Neumann J. Egyetem"]
[WhiteTeamCountry "HUN"]
[BlackTeamCountry "HUN"]

1. d4 Nf6 2. Nf3 g6 3. c4 Bg7 4. Nc3 d5 5. Bf4 c6 6. e3 O-O 7. Qb3 Qb6 8. cxd5
Nxd5 9. Nxd5 cxd5 10. Qxb6 axb6 11. Bxb8 Rxb8 12. h3 Bf5 13. Kd2 Rbc8 14. Bd3
Be4 15. Rac1 Bxf3 16. Rxc8 Rxc8 17. gxf3 e5 18. dxe5 Bxe5 19. b3 d4 1/2-1/2

[Event "NB II. Toth Laszlo csoport"]
[Site "Mako"]
[Date "2023.10.29"]
[Round "2.7"]
[White "Kovacs, Gabor"]
[Black "Balassy, Gabor"]
[Result "1/2-1/2"]
[WhiteElo "1954"]
[BlackElo "1843"]
[PlyCount "65"]
[EventDate "2023.10.08"]
[EventType "team-tourn"]
[EventRounds "9"]
[EventCountry "HUN"]
[Source "chess.hu"]
[WhiteTeam "Neumann J. Egyetem"]
[BlackTeam "Duocor-Makoi SVSE II"]
[WhiteTeamCountry "HUN"]
[BlackTeamCountry "HUN"]

1. e4 c6 2. d4 d5 3. e5 Bf5 4. Nf3 e6 5. Be2 Nd7 6. O-O h6 7. c4 dxc4 8. Bxc4
Nb6 9. Be2 Ne7 10. a4 a5 11. Nc3 Ned5 12. Qb3 Nb4 13. Nd1 Bc2 14. Qe3 N4d5 15.
Qd2 Bxa4 16. Nc3 Bb3 17. Nxd5 Qxd5 18. Qf4 Be7 19. Bd3 Bc4 20. Be4 Qb5 21. Re1
Bd3 22. Nd2 Bb4 23. Qg3 Bxd2 24. Bxd3 Qb4 25. Bxd2 Qxd2 26. Qxg7 O-O-O 27. Red1
Qxb2 28. Rab1 Qxd4 29. Bf1 Qc5 30. Rdc1 Qd4 31. Rd1 Qc5 32. Rdc1 Qd4 33. Rd1
1/2-1/2

[Event "NB II. Toth Laszlo csoport"]
[Site "Mako"]
[Date "2023.10.29"]
[Round "2.8"]
[White "Hajnal, Bence"]
[Black "Biro, Andras"]
[Result "0-1"]
[WhiteElo "1796"]
[BlackElo "1908"]
[PlyCount "102"]
[EventDate "2023.10.08"]
[EventType "team-tourn"]
[EventRounds "9"]
[EventCountry "HUN"]
[Source "chess.hu"]
[WhiteTeam "Duocor-Makoi SVSE II"]
[BlackTeam "Neumann J. Egyetem"]
[WhiteTeamCountry "HUN"]
[BlackTeamCountry "HUN"]

1. b3 d5 2. Bb2 Nf6 3. g3 g6 4. Bg2 Bg7 5. e3 O-O 6. d3 c6 7. Nd2 Nbd7 8. Ne2
e5 9. h3 Re8 10. g4 Nf8 11. Ng3 Qc7 12. Qe2 Be6 13. g5 N6d7 14. e4 f5 15. O-O-O
dxe4 16. dxe4 f4 17. Ngf1 b5 18. h4 h5 19. Bh3 Nc5 20. Ba3 Bxh3 21. Rxh3 Nfe6
22. Bxc5 Nxc5 23. Rc3 Bf8 24. Nf3 Qa5 25. Kb2 Qb4 26. Rxc5 Qxc5 27. Rd7 a5 28.
c3 Re7 29. Qd2 Ra7 30. Rd8 b4 31. c4 a4 32. Qd6 Qxd6 33. Rxd6 axb3 34. axb3 Kg7
35. Rxc6 Rad7 36. Kc2 Re8 37. Ra6 Bc5 38. Ra5 Bxf2 39. Rxe5 Rxe5 40. Nxe5 Re7
41. Nd3 Bxh4 42. Nd2 Bxg5 43. Nf3 Bh6 44. e5 g5 45. Kd2 g4 46. Nd4 f3+ 47. Ke1
Ra7 48. Nf5+ Kg6 49. Nxh6 g3 50. Ng8 Ra1+ 51. Kd2 g2 0-1

[Event "NB II. Toth Laszlo csoport"]
[Site "Mako"]
[Date "2023.10.29"]
[Round "2.9"]
[White "Bodo, Tibor"]
[Black "Nagy Dani, Karoly"]
[Result "0-1"]
[WhiteElo "1613"]
[BlackElo "1809"]
[PlyCount "94"]
[EventDate "2023.10.08"]
[EventType "team-tourn"]
[EventRounds "9"]
[EventCountry "HUN"]
[Source "chess.hu"]
[WhiteTeam "Neumann J. Egyetem"]
[BlackTeam "Duocor-Makoi SVSE II"]
[WhiteTeamCountry "HUN"]
[BlackTeamCountry "HUN"]

1. d4 Nf6 2. Nf3 d5 3. e3 e6 4. Bd3 Bd6 5. b3 b6 6. Bb2 O-O 7. Nbd2 Bb7 8. O-O
c5 9. Ne5 Nbd7 10. f4 Ne4 11. Rf3 Ndf6 12. Rh3 Rc8 13. Qe2 cxd4 14. exd4 Be7
15. a3 g6 16. Rd1 Nc3 17. Bxc3 Rxc3 18. a4 Rc7 19. Rf1 Ne4 20. Ndf3 Kg7 21. Qe3
f5 22. g4 Rc3 23. g5 Ba6 24. Qe1 Bxd3 25. Qh4 h5 26. gxh6+ Kh7 27. Ng5+ Nxg5
28. fxg5 Bxg5 29. Qe1 Bxf1 30. Rxc3 Ba6 31. Rh3 Bf6 32. Nf3 Qc7 33. Qxe6 Qe7
34. Qc6 Bb7 35. Qc3 Rc8 36. Qd2 Re8 37. Kf2 Ba6 38. Ng1 Bg5 39. Qd1 Be3+ 40.
Kg2 Bg5 41. Rg3 Bf6 42. c3 Qe4+ 43. Kh3 f4 44. Rf3 Bc8+ 45. Kg2 Bg4 46. Qf1
Bxf3+ 47. Nxf3 Qe2+ 0-1

[Event "NB II. Toth Laszlo csoport"]
[Site "Mako"]
[Date "2023.10.29"]
[Round "2.10"]
[White "Gyori, Gabor"]
[Black "Szabo, Balazs"]
[Result "1/2-1/2"]
[WhiteElo "1625"]
[BlackElo "1611"]
[PlyCount "42"]
[EventDate "2023.10.08"]
[EventType "team-tourn"]
[EventRounds "9"]
[EventCountry "HUN"]
[Source "chess.hu"]
[WhiteTeam "Duocor-Makoi SVSE II"]
[BlackTeam "Neumann J. Egyetem"]
[WhiteTeamCountry "HUN"]
[BlackTeamCountry "HUN"]

1. Nf3 d5 2. d4 Nf6 3. c4 c6 4. e3 Bg4 5. h3 Bc8 6. Nc3 e6 7. Bd3 Nbd7 8. O-O
g6 9. e4 dxe4 10. Nxe4 Nxe4 11. Bxe4 Bg7 12. Bg5 Qa5 13. Qb3 O-O 14. Be7 Re8
15. Bd6 Nf6 16. Bc2 b6 17. Rfd1 Bb7 18. Ne5 Rac8 19. Qf3 Rcd8 20. Bc7 Rc8 21.
Bd6 Rcd8 1/2-1/2

[Event "NB II. Toth Laszlo csoport"]
[Site "Mako"]
[Date "2023.10.29"]
[Round "2.11"]
[White "Panda, Gyorgy"]
[Black "Gyori, Balint"]
[Result "0-1"]
[WhiteElo "1597"]
[BlackElo "1527"]
[PlyCount "82"]
[EventDate "2023.10.08"]
[EventType "team-tourn"]
[EventRounds "9"]
[EventCountry "HUN"]
[Source "chess.hu"]
[WhiteTeam "Neumann J. Egyetem"]
[BlackTeam "Duocor-Makoi SVSE II"]
[WhiteTeamCountry "HUN"]
[BlackTeamCountry "HUN"]

1. d4 d5 2. c4 e6 3. Nc3 Nf6 4. Nf3 Be7 5. Bf4 O-O 6. e3 Nbd7 7. Rc1 dxc4 8.
Bxc4 Nb6 9. Bd3 Nbd5 10. Bg3 Nxc3 11. bxc3 Bd7 12. O-O Ba3 13. Rb1 Bc6 14. Ne5
Be4 15. h3 b6 16. Bh4 Bxd3 17. Qxd3 Be7 18. Nc6 Qd7 19. Nxe7+ Qxe7 20. e4 Qd7
21. Qg3 Nxe4 22. Qd3 Nd6 23. c4 Nf5 24. Bg5 c5 25. d5 exd5 26. cxd5 f6 27. Bf4
Rfd8 28. Rbd1 Nd4 29. d6 Re8 30. Rfe1 Rad8 31. Kh1 Nf5 32. Rxe8+ Rxe8 33. Qd5+
Kf8 34. g4 Nd4 35. Qh5 Qc6+ 36. Kh2 Qf3 37. d7 Qxf4+ 38. Kg2 Qf3+ 39. Kh2 Qxf2+
40. Kh1 Qf3+ 41. Kh2 Re2+ 0-1

[Event "NB II. Toth Laszlo csoport"]
[Site "Mako"]
[Date "2023.10.29"]
[Round "2.12"]
[White "Kralik, Attila"]
[Black "Polgar, Mark"]
[Result "1-0"]
[WhiteElo "1591"]
[BlackElo "1157"]
[PlyCount "65"]
[EventDate "2023.10.08"]
[EventType "team-tourn"]
[EventRounds "9"]
[EventCountry "HUN"]
[Source "chess.hu"]
[WhiteTeam "Duocor-Makoi SVSE II"]
[BlackTeam "Neumann J. Egyetem"]
[WhiteTeamCountry "HUN"]
[BlackTeamCountry "HUN"]

1. Nf3 Nf6 2. g3 d5 3. Bg2 Bf5 4. O-O Nbd7 5. d4 e6 6. c3 c5 7. Bf4 Qb6 8. Qb3
Be7 9. Nbd2 O-O 10. Ne5 cxd4 11. Nxd7 Nxd7 12. Qxb6 axb6 13. cxd4 Ra5 14. Rfc1
f6 15. Nb3 Rb5 16. Bf1 Rb4 17. Bd2 Ra4 18. e4 Bxe4 19. Bb5 Ra7 20. Bxd7 e5 21.
Be3 Rd8 22. Be6+ Kf8 23. dxe5 Ra6 24. f4 f5 25. Rc7 Ra4 26. Bxb6 Ra6 27. Rxb7
Rda8 28. Nc5 Ke8 29. Nxa6 d4 30. Nc7+ Kf8 31. Nxa8 Bxb7 32. Nc7 d3 33. Bd5 1-0

[Event "NB II. Toth Laszlo csoport"]
[Site "Kecskemet"]
[Date "2023.12.10"]
[Round "3.1"]
[White "Kunos, Zoltan"]
[Black "Csvila, Gabor"]
[Result "1/2-1/2"]
[WhiteElo "2065"]
[BlackElo "2139"]
[PlyCount "34"]
[EventDate "2023.10.08"]
[EventType "team-tourn"]
[EventRounds "9"]
[EventCountry "HUN"]
[Source "chess.hu"]
[WhiteTeam "Oroshazi SE"]
[BlackTeam "Neumann J. Egyetem"]
[WhiteTeamCountry "HUN"]
[BlackTeamCountry "HUN"]

1. Nf3 Nf6 2. g3 g6 3. Bg2 Bg7 4. O-O O-O 5. d3 d6 6. e4 c5 7. Nc3 Nc6 8. Nd5
e6 9. Nxf6+ Bxf6 10. c3 d5 11. Qe2 dxe4 12. dxe4 e5 13. Be3 b6 14. Rfd1 Qc7 15.
Rd2 Bb7 16. Rad1 Rfd8 17. h4 Rxd2 1/2-1/2

[Event "NB II. Toth Laszlo csoport"]
[Site "Kecskemet"]
[Date "2023.12.10"]
[Round "3.2"]
[White "Abel, Lajos"]
[Black "Kakuk, Sandor"]
[Result "0-1"]
[WhiteElo "2188"]
[BlackElo "2035"]
[PlyCount "80"]
[EventDate "2023.10.08"]
[EventType "team-tourn"]
[EventRounds "9"]
[EventCountry "HUN"]
[Source "chess.hu"]
[WhiteTeam "Neumann J. Egyetem"]
[BlackTeam "Oroshazi SE"]
[WhiteTeamCountry "HUN"]
[BlackTeamCountry "HUN"]

1. d4 d5 2. Nf3 Nc6 3. Bf4 Bg4 4. Nbd2 e6 5. h3 Bh5 6. c3 Bd6 7. Bxd6 Qxd6 8.
Qb3 O-O-O 9. e3 Nge7 10. Qa4 Kb8 11. b4 Nc8 12. Bb5 Nb6 13. Qb3 f6 14. a4 g5
15. a5 Nd7 16. Qa4 Ne7 17. Nb3 Bxf3 18. gxf3 c6 19. Be2 e5 20. Nc5 Nf5 21. a6
b5 22. Qc2 Nxc5 23. bxc5 Qe6 24. Kd2 Rhe8 25. Rhe1 Re7 26. Rab1 Ka8 27. Rb4
Rde8 28. e4 exd4 29. cxd4 dxe4 30. fxe4 Qxe4 31. Qxe4 Rxe4 32. Bd3 Rxe1 33.
Bxf5 Kb8 34. d5 R8e2+ 35. Kd3 Re5 36. Be4 R1xe4 37. Rxe4 Rxe4 38. Kxe4 cxd5+
39. Kxd5 Kc7 40. f3 h6 0-1

[Event "NB II. Toth Laszlo csoport"]
[Site "Kecskemet"]
[Date "2023.12.10"]
[Round "3.3"]
[White "Gyori, Szabolcs"]
[Black "Panda, Barnabas"]
[Result "1/2-1/2"]
[WhiteElo "2108"]
[BlackElo "1965"]
[PlyCount "33"]
[EventDate "2023.10.08"]
[EventType "team-tourn"]
[EventRounds "9"]
[EventCountry "HUN"]
[Source "chess.hu"]
[WhiteTeam "Oroshazi SE"]
[BlackTeam "Neumann J. Egyetem"]
[WhiteTeamCountry "HUN"]
[BlackTeamCountry "HUN"]

1. c4 Nf6 2. g3 e6 3. Bg2 d5 4. Nf3 Be7 5. O-O O-O 6. d3 c5 7. cxd5 exd5 8. d4
Nc6 9. Nc3 a6 10. dxc5 Bxc5 11. Bg5 d4 12. Ne4 Be7 13. Bxf6 Bxf6 14. Rc1 Re8
15. Nxf6+ Qxf6 16. Qd2 Bg4 17. h3 1/2-1/2

[Event "NB II. Toth Laszlo csoport"]
[Site "Kecskemet"]
[Date "2023.12.10"]
[Round "3.4"]
[White "Szekeres, Janos"]
[Black "Kulcsar, Jozsef"]
[Result "1-0"]
[WhiteElo "1907"]
[BlackElo "2034"]
[PlyCount "129"]
[EventDate "2023.10.08"]
[EventType "team-tourn"]
[EventRounds "9"]
[EventCountry "HUN"]
[Source "chess.hu"]
[WhiteTeam "Neumann J. Egyetem"]
[BlackTeam "Oroshazi SE"]
[WhiteTeamCountry "HUN"]
[BlackTeamCountry "HUN"]

1. e4 c6 2. d4 d5 3. e5 Bf5 4. Nc3 e6 5. g4 Bg6 6. Nge2 Bb4 7. h4 h6 8. h5 Bh7
9. a3 Ba5 10. Be3 Nd7 11. f4 Be4 12. Rh3 f5 13. Ng3 Bxc3+ 14. bxc3 Ne7 15. Nxe4
dxe4 16. gxf5 exf5 17. c4 Nf8 18. Qd2 Qd7 19. Rd1 b6 20. d5 c5 21. Rg3 Rg8 22.
Qc3 O-O-O 23. Ra1 g6 24. hxg6 Rxg6 25. Rxg6 Nfxg6 26. Bh3 Nh4 27. a4 Rg8 28.
Kf2 Kb8 29. a5 Nc8 30. axb6 axb6 31. Qa3 Qa7 32. Qxa7+ Nxa7 33. Rg1 Rxg1 34.
Kxg1 Nc8 35. Kf2 Ne7 36. Kg3 Neg6 37. Bc1 Kc7 38. Bb2 Kd7 39. e6+ Ke7 40. Bg7
h5 41. Bh6 Kd6 42. Bg5 Nf3 43. Bxf5 h4+ 44. Kf2 Ne7 45. Bxe7+ Kxe7 46. Bxe4 Nd2
47. Bd3 Nb1 48. Kg2 Na3 49. Kh3 b5 50. cxb5 c4 51. Bg6 Nxb5 52. Bh5 Nd4 53. c3
Nb5 54. Be2 Nxc3 55. Bxc4 Ne4 56. Kxh4 Kf6 57. Bd3 Nc3 58. Bc4 Ne4 59. Kg4 Nd6
60. Bd3 Ne8 61. Kf3 Nd6 62. Ke3 Ke7 63. Kd4 Ne8 64. Ke5 Nd6 65. f5 1-0

[Event "NB II. Toth Laszlo csoport"]
[Site "Kecskemet"]
[Date "2023.12.10"]
[Round "3.5"]
[White "Biro, Istvan"]
[Black "Andriska, Zsolt"]
[Result "0-1"]
[WhiteElo "1984"]
[BlackElo "2030"]
[PlyCount "70"]
[EventDate "2023.10.08"]
[EventType "team-tourn"]
[EventRounds "9"]
[EventCountry "HUN"]
[Source "chess.hu"]
[WhiteTeam "Oroshazi SE"]
[BlackTeam "Neumann J. Egyetem"]
[WhiteTeamCountry "HUN"]
[BlackTeamCountry "HUN"]

1. d4 d5 2. c4 e6 3. Nc3 f5 4. Nf3 c6 5. g3 Nf6 6. Bg2 Bd6 7. O-O O-O 8. Bf4
Ne4 9. Qc2 a6 10. Rad1 h6 11. Ne5 Nf6 12. b3 Nh5 13. Bc1 Nd7 14. f4 Nhf6 15. e3
Ne4 16. Nxe4 fxe4 17. c5 Bc7 18. b4 Qe8 19. Qe2 a5 20. a3 axb4 21. axb4 b6 22.
Rf2 Ba6 23. Qg4 Nxe5 24. fxe5 Rxf2 25. Kxf2 bxc5 26. bxc5 Qf7+ 27. Kg1 Rf8 28.
Rd2 Ba5 29. Rc2 Bd3 30. Ra2 Bc4 31. Rc2 Bb3 32. Qe2 Bxc2 33. Qxc2 Qh5 34. h3
Be1 35. Kh2 Rf2 0-1

[Event "NB II. Toth Laszlo csoport"]
[Site "Kecskemet"]
[Date "2023.12.10"]
[Round "3.6"]
[White "Lovas, Daniel Dr"]
[Black "Bogdany, Gabor"]
[Result "1-0"]
[WhiteElo "1991"]
[BlackElo "1956"]
[PlyCount "55"]
[EventDate "2023.10.08"]
[EventType "team-tourn"]
[EventRounds "9"]
[EventCountry "HUN"]
[Source "chess.hu"]
[WhiteTeam "Neumann J. Egyetem"]
[BlackTeam "Oroshazi SE"]
[WhiteTeamCountry "HUN"]
[BlackTeamCountry "HUN"]

1. c4 Nf6 2. Nf3 g6 3. g3 Bg7 4. Bg2 O-O 5. O-O d5 6. cxd5 Nxd5 7. Nc3 Nxc3 8.
bxc3 c5 9. a4 Nc6 10. Ba3 Qa5 11. Qb3 Ne5 12. Nxe5 Bxe5 13. Qc4 Bd6 14. Rfb1
Qc7 15. d4 Be6 16. Qd3 Rab8 17. dxc5 Be5 18. Qe3 Bg7 19. a5 Qxa5 20. Bb4 Qb5
21. Rxa7 Rfd8 22. Ra5 Qc4 23. Qe4 b6 24. cxb6 Rxb6 25. Qxc4 Bxc4 26. Re1 e6 27.
Rc5 Ba6 28. Ba5 1-0

[Event "NB II. Toth Laszlo csoport"]
[Site "Kecskemet"]
[Date "2023.12.10"]
[Round "3.7"]
[White "Berta, Gergely"]
[Black "Talmacsi, Jozsef"]
[Result "1-0"]
[WhiteElo "1960"]
[BlackElo "2011"]
[PlyCount "57"]
[EventDate "2023.10.08"]
[EventType "team-tourn"]
[EventRounds "9"]
[EventCountry "HUN"]
[Source "chess.hu"]
[WhiteTeam "Oroshazi SE"]
[BlackTeam "Neumann J. Egyetem"]
[WhiteTeamCountry "HUN"]
[BlackTeamCountry "HUN"]

1. e4 c6 2. d4 d5 3. Nc3 dxe4 4. Nxe4 Nf6 5. Nxf6+ exf6 6. c3 Bd6 7. Bd3 O-O 8.
Be3 Re8 9. Ne2 Be6 10. Qc2 h5 11. O-O h4 12. Nf4 Nd7 13. Nxe6 Rxe6 14. c4 Qc7
15. h3 Bf4 16. Bh7+ Kh8 17. Bf5 Re7 18. Bxd7 Bxe3 19. fxe3 Qxd7 20. Rf4 g6 21.
Qf2 Kg7 22. Rxf6 Rae8 23. Rf1 Rh8 24. Qf4 Rh5 25. Rd6 Qe8 26. Qf6+ Kg8 27. e4
Rd7 28. e5 Rxd6 29. exd6 1-0

[Event "NB II. Toth Laszlo csoport"]
[Site "Kecskemet"]
[Date "2023.12.10"]
[Round "3.8"]
[White "Kovacs, Gabor"]
[Black "Kerekes, Zsolt"]
[Result "1-0"]
[WhiteElo "1972"]
[BlackElo "1938"]
[PlyCount "51"]
[EventDate "2023.10.08"]
[EventType "team-tourn"]
[EventRounds "9"]
[EventCountry "HUN"]
[Source "chess.hu"]
[WhiteTeam "Neumann J. Egyetem"]
[BlackTeam "Oroshazi SE"]
[WhiteTeamCountry "HUN"]
[BlackTeamCountry "HUN"]

1. e4 c6 2. d4 d5 3. e5 Bf5 4. Nf3 e6 5. Be2 c5 6. O-O Nc6 7. c3 Bg4 8. Nbd2
Qb6 9. Qa4 Bxf3 10. Nxf3 cxd4 11. Bb5 dxc3 12. Nd4 Rc8 13. Be3 Bc5 14. Rac1 a6
15. Bxc6+ bxc6 16. Rxc3 Bxd4 17. Bxd4 Qb5 18. Qa3 Qb7 19. Bc5 Nh6 20. h3 Nf5
21. Rb3 Qc7 22. Qxa6 Rb8 23. Rxb8+ Qxb8 24. Qxc6+ Kd8 25. Rc1 Ne7 26. Bb6+ 1-0

[Event "NB II. Toth Laszlo csoport"]
[Site "Kecskemet"]
[Date "2023.12.10"]
[Round "3.9"]
[White "Safran, Istvan"]
[Black "Biro, Andras"]
[Result "1-0"]
[WhiteElo "1697"]
[BlackElo "1912"]
[PlyCount "65"]
[EventDate "2023.10.08"]
[EventType "team-tourn"]
[EventRounds "9"]
[EventCountry "HUN"]
[Source "chess.hu"]
[WhiteTeam "Oroshazi SE"]
[BlackTeam "Neumann J. Egyetem"]
[WhiteTeamCountry "HUN"]
[BlackTeamCountry "HUN"]

1. b4 e6 2. Bb2 Nf6 3. a3 c5 4. c3 d5 5. e3 a6 6. Nf3 Qc7 7. d3 b5 8. Nbd2 c4
9. a4 Bb7 10. Nd4 e5 11. Nf5 Nc6 12. e4 dxe4 13. dxc4 Qd7 14. Ne3 bxc4 15.
Ndxc4 Qxd1+ 16. Rxd1 Rd8 17. Be2 g6 18. O-O Be7 19. b5 axb5 20. axb5 Na7 21.
Rxd8+ Kxd8 22. Nxe5 Ke8 23. c4 Bc5 24. N3g4 Nxg4 25. Nxg4 Rf8 26. Bg7 f5 27.
Bxf8 Kxf8 28. Nf6 Kf7 29. Nd7 Bd6 30. c5 Ke7 31. Rd1 Bf4 32. c6 Bc8 33. Ra1 1-0

[Event "NB II. Toth Laszlo csoport"]
[Site "Kecskemet"]
[Date "2023.12.10"]
[Round "3.10"]
[White "Bodo, Tibor"]
[Black "Pasztorcsik, Janos"]
[Result "1/2-1/2"]
[WhiteElo "1606"]
[BlackElo "1823"]
[PlyCount "36"]
[EventDate "2023.10.08"]
[EventType "team-tourn"]
[EventRounds "9"]
[EventCountry "HUN"]
[Source "chess.hu"]
[WhiteTeam "Neumann J. Egyetem"]
[BlackTeam "Oroshazi SE"]
[WhiteTeamCountry "HUN"]
[BlackTeamCountry "HUN"]

1. d4 Nf6 2. Nf3 g6 3. e3 Bg7 4. Bd3 d5 5. Nbd2 b6 6. b3 Bb7 7. Bb2 O-O 8. O-O
Nbd7 9. Ne5 Nxe5 10. dxe5 Ne4 11. f4 Nc5 12. Be2 e6 13. Nf3 Ne4 14. Qe1 a5 15.
a4 Ba6 16. c4 Nc5 17. Nd4 Ne4 18. Rd1 c5 1/2-1/2

[Event "NB II. Toth Laszlo csoport"]
[Site "Kecskemet"]
[Date "2023.12.10"]
[Round "3.11"]
[White "Szonyi, Peter"]
[Black "Szabo, Balazs"]
[Result "0-1"]
[WhiteElo "1177"]
[BlackElo "1611"]
[PlyCount "78"]
[EventDate "2023.10.08"]
[EventType "team-tourn"]
[EventRounds "9"]
[EventCountry "HUN"]
[Source "chess.hu"]
[WhiteTeam "Oroshazi SE"]
[BlackTeam "Neumann J. Egyetem"]
[WhiteTeamCountry "HUN"]
[BlackTeamCountry "HUN"]

1. e4 e5 2. Nf3 Nc6 3. Bc4 h6 4. d3 d6 5. h3 Qf6 6. Nc3 Be6 7. Bb5 Nge7 8. Be3
a6 9. Bxc6+ Nxc6 10. d4 exd4 11. Nxd4 Nxd4 12. Bxd4 Qg6 13. Qf3 c6 14. Ne2 Qg5
15. Nf4 Bd7 16. O-O h5 17. e5 dxe5 18. Bxe5 O-O-O 19. Nd3 Be6 20. Bf4 Qf5 21.
a3 g5 22. Be3 Qxf3 23. gxf3 Bxh3 24. Rfd1 Be7 25. Bb6 Rd5 26. f4 Rg8 27. Kh1
Bg4 28. Re1 Bf3+ 29. Kh2 Bd6 30. Re3 Bg4 31. Rae1 Be6 32. Kh1 gxf4 33. Re4 Rf5
34. Rd4 Bd5+ 35. Kh2 f3+ 36. Kh3 Rg2 37. Re8+ Kd7 38. Rd8+ Ke7 39. c4 Rh2# 0-1